000 02518cam a2200337 4500500
005 20260111104305.0
041 _afre
042 _adc
100 1 0 _aTévérini, Richard
_eauthor
700 1 0 _aBuznic-Bourgeacq, Pablo
_eauthor
700 1 0 _aCarnus, Marie-France
_eauthor
245 0 0 _aFaire ensemble : une étude de cas autour de la relation enseignant/AESH/élève accompagné en didactique clinique
260 _c2023.
500 _a31
520 _aAu sein de l’école inclusive, définie ici comme un lieu hospitalier au sens du philosophe Jacques Derrida, les sujets didactiques tentent d’habiter des places symboliques, de  faire ensemble dans l’instant de la rencontre et de créer du lien qui permettrait à chacun d’agir sur leurs actes et par leurs actes. Cet article vise à montrer, à partir du cadre théorique de la didactique clinique enrichi de la théorie psychanalytique du lien de Janine Puget, qu’au-delà de déterminants contextuels, psychiques individuels, des déterminants groupaux, résultants du lien entre les sujets, entrent également en jeu dans l’accueil et l’accompagnement d’un élève en situation de handicap.
520 _aWithin the inclusive school, defined here as a hospitable place in the sense of the philosopher Jacques Derrida, the didactic subjects try to inhabit symbolic places, to do together in the moment of the meeting and to create a link that would allow everyone to act on their actions and by their actions. This article therefore aims to show, from the theoretical framework of clinical didactics embellished with Janine Puget’s psychoanalytic theory of the link, that beyond contextual determinants, individual psychic, group determinants, resulting from the link between subjects, also come into play in the reception and accompaniment of a student with a disability.
690 _aDidactique clinique
690 _aÉcole inclusive
690 _aFaire ensemble
690 _aHospitalité
690 _aImpossible à supporter
690 _aSujet du lien
690 _aClinical didactics
690 _aDoing together
690 _aHospitality
690 _aImpossible to bear
690 _aInclusive education
690 _aSubject of the bond
786 0 _nLa nouvelle revue - Éducation et société inclusives | 95 | 1 | 2023-02-02 | p. 159-173 | 2609-5211
856 4 1 _uhttps://shs.cairn.info/revue-la-nouvelle-revue-education-et-societe-inclusives-2023-1-page-159?lang=fr&redirect-ssocas=7080
999 _c1630849
_d1630849